000 00345 a2200157 4500
001 156456
020 _a9788544610459
040 _cEscola São Tomás de Aquino
100 _aPIRES, Célia Maria Carolina
240 1 0 _aMatemática
_lpor
245 1 0 _aMatemática
300 _a215
362 0 _a2017
697 _aMATEMÁTICA
942 _cBK
999 _c156456
_d156456